000 00620nam a2200229Ia 4500
003 OSt
005 20221007071633.0
006 a|||||r|||| 00| 0
007 ta
008 221006b |||||||| |||| 00| 0 eng d
024 _a13,707
037 _cTextual
040 _aFLL
_cFLL
_beng
041 _2eng
_aeng
082 _aW:2y7, H9;1
100 _aDonelan M.D.
_9150166
245 0 _aInternational disputes case histories 1945-1970
260 _aLondon
_bEuropa Publications London
_c1973
300 _a286p
_ccm.
942 _hW:2y7, H9;1
_cTEXL
_2CC
999 _c1143868
_d1143868